000
002640000a22000970004500
100
1
_a
LeBlanc, Terry
245
1
0
_a
Compassionate community... or unchecked greed?
300
_a
Vol.22, núm.4 (September, 2000), Página 21
773
0
_t
Mission Frontiers
942
_c
ANA
999
_c
60379
_d
60379